Ile wiesz o piłce ręcznej? - Statystyki

Ogólne statystyki
  • Ten quiz został rozwiązany 13 razy
  • Średni wynik to 10 z 13
Statystyki odpowiedzi
Pytanie Odpowiedź % Poprawnych
Ile kroków można wykonać w piłce ręcznej? 3
100%
Ile minut trwa cały mecz piłki ręcznej 60
100%
Czy polski klub wygrał kiedykolwiek Ligę Mistrzów piłki ręcznej? Tak
100%
Jak nazywa się polski piłkarz ręczny, który w trakcie meczu stracił oko? Karol Bielecki
92%
Jak popularnie nazywamy zawodników piłki ręcznej? Szczypiorniści
92%
Podaj imię popularnego zawodnika o pseudonimie "Kasa" Sławomir Szmal
83%
Obecny mistrz polski Wisła Płock
83%
Temu trenerowi śpiewali przyśpiewkę "(...) niech startuje na Prezydenta" Bogdan Wenta
75%
Jak nazywa się finałowy turniej Ligi Mistrzów w piłce ręcznej? Final Four
67%
Ile wynosi jedna wenta? 15 sekund
42%
Najbardziej utytułowany klub w polskiej piłce ręcznej Iskra Kielce
42%
W jakim mieście się odbywa powyższy turniej? Kolonia
42%
Francuski piłkarz ręczny, uznawany za jednego z najlepszych zawodników, niedawno skończył karierę Nikola Karabatic
42%
Nie znaleziono quizów pasujących do podanych kryteriów
Rozkład punktacji
Procent ludzi z każdym wynikiem
Percentyl według liczby udzielonych odpowiedzi
Twoja historia wyników
Nie rozwiązałeś tego quizu